| 000 | 01578cam a22004217a 4500 | ||
|---|---|---|---|
| 003 | CHAP | ||
| 005 | 20220329142217.0 | ||
| 008 | 000218d1999 mx r 00110 spa d | ||
| 010 | _a79961 | ||
| 011 | _a80933 | ||
| 035 | _a91390 | ||
| 040 | _cCHAP | ||
| 090 | _aTesis | ||
| 100 | 0 | 0 |
_aAlvear Herrera, Ernesto. _95025 |
| 245 | 1 | 0 |
_aDeterminación mineral en forraje, suelo y suero sanguíneo de bovinos en pastoreo en la Costa de Nayarit _c/por Ernesto Alvear Herrera y Erik Rodríguez de la Cruz |
| 260 |
_aChapingo, Méx. : _bEl autor, _c1999. |
||
| 300 | _a89 h. | ||
| 502 | _aTesis (Ing. Agr. Esp. en Zootecnia) -- UACH. Departamento de Zootecnia | ||
| 590 |
_aALEPH _b10 _c20130110 _lUCH01 _h1434 |
||
| 590 |
_aBATCH-UPD _b10 _c20130110 _lUCH01 _h0439 |
||
| 590 |
_aBATCH-UPD _b10 _c20130110 _lUCH01 _h2321 |
||
| 590 |
_aBATCH-UPD _b10 _c20130410 _lUCH01 _h0115 |
||
| 590 |
_aBATCH-UPD _b10 _c20130410 _lUCH01 _h1612 |
||
| 590 |
_aBATCH-UPD _b10 _c20130914 _lUCH01 _h0300 |
||
| 590 |
_aCONVERSION _b10 _c20130109 _lUCH01 _h1344 |
||
| 650 | 1 | 4 |
_aForrajes _xNayarit. _942585 |
| 650 | 1 | 4 |
_aForrajes _xValor nutritivo. _942601 |
| 650 | 1 | 4 |
_aGanado vacuno _xNutrición. _945498 |
| 650 | 1 | 4 |
_aGanado vacuno _xPastoreo. _945502 |
| 650 | 1 | 4 |
_aMinerales en nutrición animal. _975937 |
| 700 | 0 |
_aRodríguez de la Cruz, Erik. _998427 |
|
| 901 | _aBK | ||
| 905 | _aLilia Sánchez G. | ||
| 942 | _cFOLL | ||
| 949 |
_bBC _cTES _d33724000749073 _eTS2 _fc.2 _h35200 _i91390 _sb |
||
| 949 |
_bBC _cTES _d33724000749081 _eTS2 _fc.2 _h35201 _i91390 _si |
||
| 949 |
_bBC _cTES _d913901 _eTS1 _h35199 _i91390 _sb |
||
| 999 |
_c79961 _d79961 |
||